Który z podanych raperów ? - Statystyki

Ogólne statystyki
  • Ten quiz został rozwiązany 467 razy
  • Średni wynik to 11 z 15
Statystyki odpowiedzi
Zagadnienie Odpowiedź % Poprawnych
Który z tych raperów nagrał piosenkę z ekipą Qry
100%
Który z tych raperów nie urodził się w polsce. Malik montana
96%
Który z tych raperów wyzywał telewizję polską Mata
96%
Który z tych raperów ma psa o imieniu gustaw Bedoes
91%
Który z tych raperów ma własny label. Quebonafide
87%
Który z tych raperów jedzie 30km/h Kali
83%
Który z tych raperów pochodzi z holandi Mr polska
78%
Który z tych raperów był częścią gangu albani Borixon
74%
Który z tych raperów kiedyś nie miał teraz ma. Kizo
70%
Który z tych raperów zaczął akcję hot16challenge Solar
70%
Który z tych raperów nie należy do Sbm label. Tomb
65%
Który z tych raperów nie lubi się z paluchem Young multi
65%
Który z tych raperów ma najpopularniejszą piosenkę w polsce. Tymek
48%
Który z tych raperów nie miał własnego hot16challenge2 Quebonafide
30%
Który z tych raperów ma boysband Taco hemingway
30%
Nie znaleziono quizów pasujących do podanych kryteriów
Rozkład punktacji
Procent ludzi z każdym wynikiem
Percentyl według liczby udzielonych odpowiedzi
Twoja historia wyników
Nie rozwiązałeś tego quizu